Fònic 4. Llengua catalana

Gespeichert in:
Bibliographische Detailangaben
1. Verfasser: Badia i Capdevila, Maria Castelló i Carnicé, Inmaculada Piqué i Llobet, Rosa M y otros
Format: keine Angabe
Sprache:Spanisch
Katalanisch
Erschienen: Sant Adrià de Besòs. Barcelona Bruño 1989
Katalog:MANES:  Suchergebnis im Bibliothekskatalog
Schulbuchspezifische Eigenschaften:
Schriftenreihe:Projecte XXI
Tags: Tag hinzufügen
Keine Tags, Fügen Sie den ersten Tag hinzu!
Hinzugefügt zu:26.04.2016
Geändert in:20.11.2024

MARC

LEADER 000000000a22000000004500
001 01354
003 OSt
005 20241121020105.0
008 160427s sp ||||| |||| 00| 0 spa d
040 |c centro_manes 
041 1 |a cat 
691 7 |a PRI 
100 1 |a Badia i Capdevila, Maria  |9 184  |a Castelló i Carnicé, Inmaculada  |9 185  |a Piqué i Llobet, Rosa M y otros  |9 186 
245 0 0 |a Fònic 4. Llengua catalana 
260 3 |a Sant Adrià de Besòs. Barcelona  |b Bruño  |c 1989 
300 |a 191 p.  |c 26x19 cm 
440 |a Projecte XXI  |9 153 
500 |a Fecha de publicación tomada del Depósito Legal 
690 0 |a LEN 
942 |2 ddc  |c BK 
546 |a España 
999 |c 7328  |d 7328 
999 |c manes:7328  |d 7328